[Event "Liberec op 12th"]
[Site "Liberec"]
[Date "2011.10.26"]
[Round "5"]
[White "Lesinski, Zdzislaw"]
[Black "Benes, Petr1111"]
[Result "0-1"]
[WhiteElo "1932"]
[BlackElo "2089"]
[PlyCount "208"]
[EventDate "2011.10.22"]
[EventType "swiss"]
[EventRounds "9"]
[EventCountry "CZE"]
[SourceTitle "EXT 2012"]
[Source "ChessBase"]
[SourceDate "2011.11.24"]
[SourceVersion "1"]
[SourceVersionDate "2011.11.24"]
[SourceQuality "1"]

1. Nf3 g6 2. c4 Bg7 3. d4 Nf6 4. Nc3 d5 5. Bf4 0-0 6. e3 c6 7. h3 Nbd7 8. cxd5 Nxd5 9. Nxd5 cxd5 10. Be2 Qb6 11. b3 Nf6 12. 0-0 Bf5 13. Bd3 Ne4 14. Nh4 Be6 15. Nf3 Rac8 16. Ng5 Nc3 17. Qd2 Bd7 18. Rac1 Nb5 19. Rxc8 Rxc8 20. Rc1 Rc6 21. Rxc6 bxc6 22. Nf3 Nd6 23. Ne5 Be8 24. Qc2 Nb7 25. Nf3 a5 26. h4 c5 27. dxc5 Nxc5 28. Be5 Qb4 29. Bxg7 Kxg7 30. h5 a4 31. Bf1 axb3 32. axb3 Kg8 33. Nd2 e5 34. Be2 Bd7 35. hxg6 hxg6 36. Bd1 Be6 37. g3 Bf5 38. Qa2 Kg7 39. Kh2 Be6 40. Nf3 Nd3 41. Kg2 Qe4 42. Kg1 Qb4 43. Qd2 Qxd2 44. Nxd2 e4 45. Nb1 Kf6 46. Nc3 Ke5 47. Nb5 g5 48. f3 exf3 49. Bxf3 g4 50. Bg2 Bf5 51. Nd4 Be4 52. Bf1 Nb4 53. Kf2 Kd6 54. Bb5 Na2 55. Be8 Ke7 56. Bb5 Nc3 57. Ba6 Kd7 58. Ke1 Na2 59. Kd2 Kc7 60. Bb5 Kd6 61. Be8 Bg6 62. Ne2 Ke7 63. Bb5 Kd6 64. Nf4 Be4 65. Be2 f5 66. Bb5 Kc5 67. Be2 Kb4 68. Bd1 Kc5 69. Ne6+ Kd6 70. Nd4 Ke5 71. Be2 Kd6 72. Bb5 Ke5 73. Be8 Nb4 74. Kc3 Nd3 75. b4 Kd6 76. Bg6 Nf2 77. Bxf5 Bf3 78. Bc8 Ne4+ 79. Kc2 Nxg3 80. Kd2 Ne4+ 81. Ke1 Ng5 82. Kf2 Ne4+ 83. Kg1 Kc7 84. Bf5 Kd6 85. Bg6 Ke5 86. Be8 Bd1 87. b5 Nd6 88. b6 Ke4 89. Bd7 g3 90. Nf5 Ke5 91. Nxg3 d4 92. e4 Bf3 93. Bc6 d3 94. Nf1 Bxe4 95. Bxe4 Kxe4 96. Kf2 Kd4 97. Kf3 Kc3 98. Kf4 Nc4 99. Ke4 Nxb6 100. Ne3 d2 101. Nd1+ Kc2 102. Nf2 Nc4 103. Kd4 Nb2 104. Ke4 Nd3 0-1

[Event "Brno op 1st"]
[Site "Brno"]
[Date "2010.11.20"]
[Round "9"]
[White "Zikan, Karel"]
[Black "Lesinski, Zdzislaw"]
[Result "1-0"]
[WhiteElo "1787"]
[BlackElo "1951"]
[PlyCount "95"]
[EventDate "2010.11.14"]
[EventType "swiss"]
[EventRounds "9"]
[EventCountry "CZE"]
[SourceTitle "EXT 2011"]
[Source "ChessBase"]
[SourceDate "2010.11.26"]
[SourceVersion "1"]
[SourceVersionDate "2010.11.26"]
[SourceQuality "1"]

1. Nf3 Nf6 2. g3 d5 3. Bg2 c5 4. 0-0 Nc6 5. d4 Bf5 6. c3 h6 7. Re1 e6 8. Nbd2 cxd4 9. Nxd4 Bg6 10. Nxc6 bxc6 11. c4 Rc8 12. cxd5 cxd5 13. e4 Be7 14. Qa4+ Qd7 15. Qxd7+ Kxd7 16. Nf3 Bxe4 17. Be3 Bxf3 18. Bxf3 Bc5 19. Bf4 Bd6 20. Be3 Rc7 21. Be2 Rb8 22. Rab1 Ne4 23. f3 Bc5 24. Bxc5 Nxc5 25. b4 Na4 26. Rb3 Rc2 27. Ra3 Rxb4 28. Rxa4 Rbb2 29. Rxa7+ Kd6 30. Kf1 Rxa2 31. Rxa2 Rxa2 32. Rb1 g5 33. Rb7 f5 34. Rh7 Ke5 35. Rxh6 f4 36. g4 Ra3 37. Rg6 Re3 38. Rxg5+ Kd4 39. Rg8 e5 40. Rf8 Kc3 41. Ra8 Kd2 42. Ra2+ Kc1 43. g5 d4 44. Ra1+ Kb2 45. Rd1 Ra3 46. Bd3 Kc3 47. g6 Ra7 48. h4 1-0

[Event "Zdar nad Sazavou Vysocina op 7th"]
[Site "Zdar nad Sazavou"]
[Date "2010.09.26"]
[Round "2"]
[White "Lesinski, Zdzislaw"]
[Black "Kozak, Milos"]
[Result "1/2-1/2"]
[WhiteElo "1949"]
[BlackElo "2213"]
[PlyCount "90"]
[EventDate "2010.09.25"]
[EventType "swiss"]
[EventRounds "9"]
[EventCountry "CZE"]
[SourceTitle "CBM 138 Extra"]
[Source "ChessBase"]
[SourceDate "2010.10.29"]
[SourceVersion "1"]
[SourceVersionDate "2010.10.29"]
[SourceQuality "1"]

1. e4 c6 2. d4 d5 3. Nc3 dxe4 4. Nxe4 Bf5 5. Ng3 Bg6 6. Nf3 Nd7 7. h4 h6 8. Bd3 Bxd3 9. Qxd3 e6 10. Bf4 Ngf6 11. Ne2 Qa5+ 12. c3 Be7 13. Rh3 c5 14. Bh2 a6 15. Kf1 Rd8 16. Qc2 Rc8 17. Kg1 cxd4 18. Nfxd4 Qd5 19. Qb1 0-0 20. Qf1 Qe4 21. Re1 Qh7 22. Nf3 Rfd8 23. Ned4 Ng4 24. Bg3 Nc5 25. Qe2 Qd3 26. Ne5 Qxe2 27. Rxe2 Nxe5 28. Bxe5 f6 29. Bg3 e5 30. Nf5 Rd1+ 31. Kh2 Bf8 32. h5 Rcd8 33. Bh4 Nd3 34. Bg3 Nc1 35. Re4 Nxa2 36. f4 exf4 37. Bxf4 Rf1 38. Rhe3 Rf2 39. Re2 Rxe2 40. Rxe2 Kf7 41. g4 Rd1 42. Rc2 Rf1 43. Be3 b5 44. Kg2 Ra1 45. b4 Ke6 1/2-1/2

[Event "Zdar nad Sazavou Vysocina op 6th"]
[Site "Zdar nad Sazavou"]
[Date "2009.09.28"]
[Round "4"]
[White "Lesinski, Zdzislaw"]
[Black "Karhanek, Pavel"]
[Result "0-1"]
[WhiteElo "1956"]
[BlackElo "2212"]
[PlyCount "76"]
[EventDate "2009.09.26"]
[EventType "swiss"]
[EventRounds "9"]
[EventCountry "CZE"]
[SourceTitle "CBM 132 Extra"]
[Source "ChessBase"]
[SourceDate "2009.11.03"]
[SourceVersion "1"]
[SourceVersionDate "2009.11.03"]
[SourceQuality "1"]

1. c4 c6 2. e4 e5 3. Nc3 Nf6 4. Nf3 d6 5. d4 Nbd7 6. d5 Be7 7. Bd3 0-0 8. 0-0 a5 9. Kh1 Nc5 10. Ng1 Nxd3 11. Qxd3 Nd7 12. Be3 Nc5 13. Bxc5 dxc5 14. Nge2 f5 15. f4 exf4 16. e5 b5 17. cxb5 cxb5 18. d6 Be6 19. Nxb5 Bg5 20. Nc7 c4 21. Qf3 Bf7 22. Qxa8 Qxa8 23. Nxa8 Rxa8 24. Nd4 Bd5 25. Rae1 Rb8 26. Re2 Be4 27. Rd1 Bd3 28. Rf2 f3 29. Rxf3 Rxb2 30. Rfxd3 cxd3 31. Nf3 Be3 32. e6 Kf8 33. g3 d2 34. Kg2 Rb6 35. d7 Ke7 36. Ne5 Rxe6 37. Nc4 Bh6 38. Kf3 Re1 0-1

[Event "Havlickuv Brod op-B"]
[Site "Havlickuv Brod"]
[Date "2005.09.24"]
[Round "1"]
[White "Lesinski, Zdzislaw"]
[Black "Golcman, Evgeny"]
[Result "0-1"]
[WhiteElo "1957"]
[BlackElo "2296"]
[PlyCount "34"]
[EventDate "2005.09.24"]
[EventType "swiss"]
[EventRounds "9"]
[EventCountry "CZE"]
[SourceTitle "CBM 108 Extra"]
[Source "ChessBase"]
[SourceDate "2005.11.04"]
[SourceVersion "1"]
[SourceVersionDate "2005.11.04"]
[SourceQuality "1"]

1. c4 f5 2. d4 Nf6 3. Nf3 g6 4. Nc3 Bg7 5. Bf4 0-0 6. Qd2 d6 7. g3 Nc6 8. d5 e5 9. dxc6 exf4 10. cxb7 Bxb7 11. Qxf4 Ne4 12. Nd1 g5 13. Qe3 g4 14. Nd4 Qf6 15. Nb5 Ng5 16. f3 Rae8 17. Qxa7 Bxf3 0-1